[Event "Karlsruhe Grenke op"]
[Site "Karlsruhe"]
[Date "2024.04.01"]
[Round "9"]
[White "Krstulovic, Alex"]
[Black "Kostov, Deyan Samuil"]
[Result "0-1"]
[WhiteElo "2431"]
[BlackElo "2328"]
[PlyCount "118"]
[EventDate "2024.03.28"]
[EventType "swiss"]
[EventRounds "9"]
[EventCountry "GER"]
[SourceTitle "CB14_2024"]
[SourceDate "2024.04.01"]
[SourceVersion "1"]
[SourceVersionDate "2024.04.01"]
[SourceQuality "1"]

1. d4 d5 2. Nf3 Nf6 3. e3 e6 4. Bd3 c5 5. b3 Be7 6. Bb2 0-0 7. dxc5 Bxc5 8. Nbd2 b6 9. 0-0 Bb7 10. c4 dxc4 11. Nxc4 Nc6 12. Qe2 Nb4 13. Bb1 b5 14. Nce5 a6 15. Rd1 Qe7 16. a3 Nbd5 17. Nd3 Ba7 18. e4 Nxe4 19. Qxe4 Ne3 20. Qxe3 Bxe3 21. fxe3 Rfd8 22. Bd4 Bxf3 23. gxf3 Qg5+ 24. Kh1 f6 25. Ra2 e5 26. Bb6 Qh5 27. Rf1 Rd6 28. Ba5 Rc8 29. Rg2 Qh6 30. Rfg1 g6 31. Bb4 Rdc6 32. Bd2 Rd8 33. Ba5 Rdc8 34. Bd2 Kg7 35. Nf2 Kh8 36. Be4 R6c7 37. Bd5 Rc2 38. Ng4 Qf8 39. e4 Qxa3 40. Ne3 R2c7 41. Ng4 Rc2 42. Nh6 Rxd2 43. Rxd2 Rc1 44. Rdg2 Rxg1+ 45. Rxg1 Qb2 46. Nf7+ Kg7 47. Rf1 h5 48. Kg1 h4 49. Rf2 Qc1+ 50. Kg2 Qe3 51. Nd8 h3+ 52. Kg3 Qe1 53. Ne6+ Kh6 54. f4 a5 55. fxe5 fxe5 56. Kf3 g5 57. Ra2 Qg1 58. b4 g4+ 59. Ke2 Qxh2+ 0-1

[Event "Basel Carnival op"]
[Site "Basel"]
[Date "2024.02.03"]
[Round "2"]
[White "Kostov, Deyan Samuil"]
[Black "Locher, Helmut"]
[Result "1-0"]
[WhiteElo "2236"]
[BlackElo "1761"]
[PlyCount "63"]
[EventDate "2024.02.02"]
[EventType "swiss"]
[EventRounds "5"]
[EventCountry "SUI"]
[SourceTitle "CB07_2024"]
[SourceDate "2024.02.14"]
[SourceVersion "1"]
[SourceVersionDate "2024.02.14"]
[SourceQuality "1"]

1. d4 d6 2. c4 e5 3. e3 c6 4. Nc3 Nf6 5. Bd3 Be7 6. Nge2 0-0 7. 0-0 Bg4 8. Qc2 Bh5 9. Ng3 Bg6 10. dxe5 Bxd3 11. Qxd3 dxe5 12. Qc2 Nbd7 13. Rd1 Qc7 14. Nf5 Nc5 15. b3 Ne6 16. Bb2 Rfd8 17. Nxe7+ Qxe7 18. Ne2 Qc7 19. Ng3 a5 20. Qf5 Nd7 21. Ne4 Ndf8 22. Bxe5 Rxd1+ 23. Rxd1 Rd8 24. Rxd8 Qxd8 25. h3 Ng6 26. Bc3 a4 27. Nd2 axb3 28. axb3 Qd6 29. Qc2 Ng5 30. f4 Nh4 31. fxg5 Qg3 32. Qe4 1-0

[Event "Titled Tuesday intern op 19th Dec Early"]
[Site "Chess.com INT"]
[Date "2023.12.19"]
[Round "3"]
[White "Kostov, Deyan Samuil"]
[Black "Skurikhin, Dmitrij"]
[Result "1-0"]
[WhiteElo "2233"]
[BlackElo "2297"]
[PlyCount "99"]
[EventDate "2023.12.19"]
[EventType "swiss (blitz)"]
[EventRounds "11"]
[EventCountry "USA"]
[SourceTitle "CB52_2023"]
[SourceDate "2023.12.27"]
[SourceVersion "1"]
[SourceVersionDate "2023.12.27"]
[SourceQuality "1"]

1. d4 d5 2. c4 c6 3. Nc3 Nf6 4. Nf3 dxc4 5. a4 Bf5 6. e3 e6 7. Bxc4 Bb4 8. 0-0 Nbd7 9. Bd3 Bg6 10. Re1 Qa5 11. Qc2 0-0 12. Bxg6 hxg6 13. Bd2 c5 14. h3 Rac8 15. Qb3 Rfd8 16. Rac1 a6 17. Red1 cxd4 18. Nxd4 Nc5 19. Qa2 Nd3 20. Rc2 Qh5 21. Qb1 e5 22. Nf3 e4 23. Nd4 Nc5 24. Nce2 Bxd2 25. Rcxd2 Qe5 26. Nc6 bxc6 27. Rxd8+ Rxd8 28. Rxd8+ Kh7 29. Rd4 Nd5 30. b4 Nd3 31. Ng3 f5 32. Qb3 Qb8 33. Qc4 N3xb4 34. h4 Qe5 35. Qc5 Qf6 36. Rxb4 Nxb4 37. Qxb4 Qxh4 38. Qc4 a5 39. Qxc6 Qd8 40. Qb5 Qd1+ 41. Kh2 Qe1 42. Qe2 Qb4 43. Qc2 Kh6 44. Ne2 Qe1 45. Nd4 Qb4 46. g3 Qe1 47. Kg2 Qb4 48. Qd1 Qa3 49. Qh1+ Kg5 50. Qh4# 1-0

[Event "Hvar op"]
[Site "Hvar"]
[Date "2023.10.21"]
[Round "9"]
[White "Kostov, Deyan Samuil"]
[Black "Ronce, Nathan"]
[Result "1-0"]
[WhiteElo "2262"]
[BlackElo "2159"]
[PlyCount "71"]
[EventDate "2023.10.15"]
[EventType "swiss"]
[EventRounds "9"]
[EventCountry "CRO"]
[SourceTitle "Mega2024 Update 01"]
[Source "Chessbase"]
[SourceDate "2023.11.12"]
[SourceVersion "1"]
[SourceVersionDate "2023.11.12"]
[SourceQuality "1"]

1. d4 Nf6 2. c4 c5 3. d5 b5 4. Qc2 bxc4 5. e4 e6 6. Bxc4 exd5 7. exd5 d6 8. Ne2 Be7 9. Nbc3 0-0 10. 0-0 Nbd7 11. b3 Nb6 12. Ng3 Nxc4 13. bxc4 Ng4 14. Bd2 g6 15. a4 h5 16. f3 Ne5 17. Nb5 a6 18. Na3 h4 19. Ne4 Rb8 20. h3 Bf5 21. Rab1 Qc7 22. Bc3 Rxb1 23. Rxb1 Rb8 24. Bxe5 Rxb1+ 25. Nxb1 dxe5 26. Qb2 Bd7 27. Nbc3 f5 28. d6 Bxd6 29. Nd5 Qc6 30. Nef6+ Kf7 31. f4 Ke6 32. Nh7 Be8 33. Ng5+ Kd7 34. fxe5 Bc7 35. e6+ Kd6 36. Qf6 1-0

[Event "Hvar op"]
[Site "Hvar"]
[Date "2023.10.19"]
[Round "7"]
[White "Kostov, Deyan Samuil"]
[Black "Ozen, Deniz"]
[Result "1/2-1/2"]
[WhiteElo "2262"]
[BlackElo "2382"]
[PlyCount "40"]
[EventDate "2023.10.15"]
[EventType "swiss"]
[EventRounds "9"]
[EventCountry "CRO"]
[SourceTitle "Mega2024 Update 01"]
[Source "Chessbase"]
[SourceDate "2023.11.12"]
[SourceVersion "1"]
[SourceVersionDate "2023.11.12"]
[SourceQuality "1"]

1. d4 d5 2. c4 c6 3. Nf3 Nf6 4. e3 e6 5. Nc3 Nbd7 6. Qc2 Bd6 7. b3 e5 8. cxd5 cxd5 9. Nb5 Bb4+ 10. Bd2 Bxd2+ 11. Nxd2 0-0 12. Be2 a6 13. dxe5 Nxe5 14. Nd4 Bg4 15. Bxg4 Nfxg4 16. 0-0 Rc8 17. Qb1 Re8 18. N2f3 Nxf3+ 19. Nxf3 Qd6 20. Qb2 Nf6 1/2-1/2

[Event "Hvar Arsenal blitz op 2nd"]
[Site "Hvar"]
[Date "2023.10.19"]
[Round "5"]
[White "Plenkovic, Zdenko"]
[Black "Kostov, Deyan Samuil"]
[Result "0-1"]
[WhiteElo "2370"]
[BlackElo "2055"]
[PlyCount "68"]
[EventDate "2023.10.19"]
[EventType "swiss (blitz)"]
[EventRounds "11"]
[EventCountry "CRO"]
[SourceTitle "Mega2024 Update 01"]
[Source "Chessbase"]
[SourceDate "2023.11.12"]
[SourceVersion "1"]
[SourceVersionDate "2023.11.12"]
[SourceQuality "1"]

1. e4 c5 2. Nf3 e6 3. d4 cxd4 4. Nxd4 Nc6 5. Nc3 Qc7 6. Be3 a6 7. Qf3 h5 8. 0-0-0 Nf6 9. h3 Rb8 10. Kb1 d6 11. Bd3 Be7 12. Qg3 h4 13. Qh2 Bd7 14. f4 b5 15. f5 e5 16. Nf3 b4 17. Ne2 Na5 18. Bg5 Ng8 19. Qg1 Bxg5 20. Nxg5 Nf6 21. Qe3 Bb5 22. Nf3 Bxd3 23. cxd3 Qb6 24. Qg5 Rh5 25. Qxg7 Ke7 26. Ng5 Rf8 27. g4 hxg3 28. Nf3 Rg8 29. Qxg3 Rxg3 30. Nxg3 Rh8 31. d4 Nc6 32. dxe5 dxe5 33. Rc1 Nd4 34. Nxe5 Qd6 0-1

[Event "Hvar op"]
[Site "Hvar"]
[Date "2023.10.18"]
[Round "5"]
[White "Kostov, Deyan Samuil"]
[Black "Ivancic, Ivan"]
[Result "1/2-1/2"]
[WhiteElo "2262"]
[BlackElo "1999"]
[PlyCount "168"]
[EventDate "2023.10.15"]
[EventType "swiss"]
[EventRounds "9"]
[EventCountry "CRO"]
[SourceTitle "Mega2024 Update 01"]
[Source "Chessbase"]
[SourceDate "2023.11.12"]
[SourceVersion "1"]
[SourceVersionDate "2023.11.12"]
[SourceQuality "1"]

1. d4 d5 2. c4 e6 3. Nc3 c6 4. e3 Nf6 5. Nf3 Nbd7 6. Qc2 Bd6 7. b3 0-0 8. Be2 b6 9. 0-0 Bb7 10. Bb2 Qe7 11. Rfd1 Rfe8 12. Rac1 Rad8 13. Qb1 a6 14. Qa1 e5 15. dxe5 Nxe5 16. Nxe5 Bxe5 17. Na4 Bxb2 18. Qxb2 dxc4 19. Nxb6 cxb3 20. Qxb3 Ne4 21. Qb2 c5 22. Bf3 Rxd1+ 23. Rxd1 Rd8 24. Rxd8+ Qxd8 25. h3 h6 26. Qe5 Nd6 27. Qxc5 Bxf3 28. gxf3 Qg5+ 29. Qxg5 hxg5 30. Nd7 Nb5 31. Nc5 a5 32. a4 Nc3 33. Nb3 Nxa4 34. Nxa5 Nc5 35. Kg2 f6 36. Nc6 Nd3 37. Nd4 Kf7 38. Kg3 Kg6 39. Ne2 Kf5 40. Nd4+ Kg6 41. Ne6 Kf7 42. Nc7 Kg6 43. Nd5 Kf5 44. Nc3 Kg6 45. Nd1 Kf5 46. h4 gxh4+ 47. Kxh4 g6 48. Kg3 g5 49. Nc3 Kg6 50. Ne2 Nc5 51. f4 Ne4+ 52. Kf3 Nd2+ 53. Kg4 f5+ 54. Kh3 g4+ 55. Kg2 Nf3 56. Ng3 Nd2 57. Nf1 Nf3 58. Kg3 Kh5 59. Nh2 Ng1 60. Kg2 Ne2 61. Nf1 Kg6 62. f3 gxf3+ 63. Kxf3 Nc3 64. Ng3 Kf6 65. Kf2 Ke6 66. Ke1 Nd5 67. Kd2 Nb4 68. Kc3 Nc6 69. Kc4 Na5+ 70. Kb4 Nb7 71. Kb5 Nd6+ 72. Kc5 Nb7+ 73. Kd4 Na5 74. Ne2 Nb3+ 75. Kc3 Nc5 76. Kc4 Ne4 77. Nd4+ Kf6 78. Kd5 Nc3+ 79. Kd6 Ne4+ 80. Kd7 Nc5+ 81. Ke8 Ne4 82. Kf8 Nd6 83. Kg8 Nc4 84. Nc2 Kg6 1/2-1/2

[Event "Titled Tuesday intern op 22nd Aug Early"]
[Site "Chess.com INT"]
[Date "2023.08.22"]
[Round "9"]
[White "Kostov, Deyan Samuil"]
[Black "Ziatdinov, Raset"]
[Result "1-0"]
[WhiteElo "2198"]
[BlackElo "2081"]
[PlyCount "155"]
[EventDate "2023.08.22"]
[EventType "swiss (blitz)"]
[EventRounds "11"]
[EventCountry "USA"]
[SourceTitle "EXT 2024"]
[Source "ChessBase"]
[SourceDate "2023.10.10"]
[SourceVersion "1"]
[SourceVersionDate "2023.10.10"]
[SourceQuality "1"]

1. d4 Nf6 2. c4 e6 3. Nc3 d5 4. cxd5 exd5 5. Bg5 Nbd7 6. e3 c6 7. Bd3 Bd6 8. Qc2 Nf8 9. Nf3 Ne6 10. Bh4 g6 11. Ne5 0-0 12. 0-0 Ng7 13. f4 Nf5 14. Bf2 h5 15. e4 dxe4 16. Nxe4 Bxe5 17. dxe5 Nd5 18. Bc5 Nfe3 19. Qe2 Nxf1 20. Rxf1 Bf5 21. Bxf8 Qxf8 22. Nd6 Bxd3 23. Qxd3 Qe7 24. Qb3 Rd8 25. h3 Qc7 26. f5 Qb6+ 27. Qxb6 axb6 28. g4 hxg4 29. hxg4 Ne3 30. Rf4 Nd5 31. Rf3 Ra8 32. e6 fxe6 33. fxe6 Ra4 34. Kg2 Rxg4+ 35. Kh3 Rg5 36. Rd3 Nf4+ 37. Kh4 Nxd3 38. Kxg5 Nc5 39. e7 Ne6+ 40. Kf6 Nc7 41. e8Q+ Nxe8+ 42. Nxe8 Kf8 43. Nd6 g5 44. Kxg5 Ke7 45. Nxb7 Ke6 46. Kf4 Kd5 47. Ke3 Kc4 48. Kd2 Kd4 49. Nd6 Kc5 50. Nf5 Kd5 51. Ne3+ Kd4 52. Nc2+ Kc4 53. b3+ Kd5 54. Kc3 c5 55. Ne3+ Kc6 56. a3 Kb5 57. Nc4 Kc6 58. Ne5+ Kb5 59. Nd3 Kc6 60. a4 Kd5 61. Nf4+ Kc6 62. Kc4 Kc7 63. Kb5 Kb7 64. Nd5 c4 65. bxc4 Ka7 66. Nxb6 Kb7 67. c5 Ka7 68. Nd5 Kb7 69. c6+ Ka7 70. c7 Kb7 71. Kc5 Kc8 72. Kd6 Kb7 73. Kd7 Ka7 74. Nf6 Kb6 75. c8Q Ka7 76. Qc1 Kb6 77. Qb1+ Ka7 78. Kc6 1-0

[Event "Titled Tuesday intern op 18th Apr Early"]
[Site "Chess.com INT"]
[Date "2023.04.18"]
[Round "4"]
[White "Degenbaev, Aziz"]
[Black "Kostov, Deyan Samuil"]
[Result "1-0"]
[WhiteElo "2196"]
[BlackElo "2223"]
[PlyCount "53"]
[EventDate "2023.04.18"]
[EventType "swiss (blitz)"]
[EventRounds "11"]
[EventCountry "USA"]
[SourceTitle "EXT 2024"]
[Source "ChessBase"]
[SourceDate "2023.10.10"]
[SourceVersion "1"]
[SourceVersionDate "2023.10.10"]
[SourceQuality "1"]

1. e4 c5 2. Nf3 e6 3. d4 cxd4 4. Nxd4 Nc6 5. Nc3 Qc7 6. a3 a6 7. Be3 Nf6 8. f4 d6 9. Qf3 Be7 10. 0-0-0 0-0 11. Nxc6 bxc6 12. g4 d5 13. g5 Ne8 14. h4 Rb8 15. h5 Qa5 16. Bf2 Rxb2 17. Kxb2 Bxa3+ 18. Ka1 Bb4+ 19. Na2 dxe4 20. Qb3 Bd6 21. Bb6 Qf5 22. Rh4 Bxf4 23. Bh3 Qxg5 24. Rg4 Be5+ 25. Kb1 Qxh5 26. Rdg1 Qxh3 27. Qxh3 1-0

[Event "Titled Tuesday intern op 18th Apr Early"]
[Site "Chess.com INT"]
[Date "2023.04.18"]
[Round "7"]
[White "Goncharov, Vladimir"]
[Black "Kostov, Deyan Samuil"]
[Result "1-0"]
[WhiteElo "2077"]
[BlackElo "2223"]
[PlyCount "119"]
[EventDate "2023.04.18"]
[EventType "swiss (blitz)"]
[EventRounds "11"]
[EventCountry "USA"]
[SourceTitle "EXT 2024"]
[Source "ChessBase"]
[SourceDate "2023.10.10"]
[SourceVersion "1"]
[SourceVersionDate "2023.10.10"]
[SourceQuality "1"]

1. d4 d5 2. c4 dxc4 3. Nf3 a6 4. e3 Bg4 5. Bxc4 e6 6. 0-0 Nf6 7. Be2 Nc6 8. b3 Bd6 9. Bb2 0-0 10. Nbd2 Qe7 11. Nc4 Rad8 12. Nxd6 Qxd6 13. h3 Bh5 14. Rc1 Rfe8 15. Rc5 Bg6 16. Nd2 e5 17. Nc4 Qf8 18. Bf3 exd4 19. exd4 Ne4 20. Bxe4 Rxe4 21. Qf3 Nxd4 22. Bxd4 Rexd4 23. Rxc7 Be4 24. Qg3 Bc6 25. Ne5 Bb5 26. Re1 f6 27. Ng4 Kh8 28. Ree7 R4d7 29. Rexd7 Rxd7 30. Kh2 h6 31. Ne3 Bc6 32. Nf5 Rxc7 33. Qxc7 Be4 34. Nd6 Bc6 35. f4 Kh7 36. f5 Qg8 37. Nf7 Qe8 38. Nd8 Qe4 39. Nxc6 bxc6 40. Qd7 c5 41. Qe6 Qxe6 42. fxe6 Kg8 43. Kg3 Kf8 44. Kf4 g6 45. Ke4 Ke7 46. Kd5 f5 47. h4 g5 48. hxg5 hxg5 49. Ke5 f4 50. Kf5 a5 51. Kxg5 Kxe6 52. Kxf4 Kd5 53. g4 Kd4 54. g5 Kc3 55. g6 Kb2 56. g7 Kxa2 57. g8Q Ka3 58. Qc4 Kb2 59. Qxc5 Kxb3 60. Qxa5 1-0

[Event "Dimitrovgrad Spring"]
[Site "Dimitrovgrad"]
[Date "2023.04.14"]
[Round "5"]
[White "Kostov, Deyan Samuil"]
[Black "Georgiev, Biser"]
[Result "1/2-1/2"]
[WhiteElo "2223"]
[BlackElo "2233"]
[PlyCount "112"]
[EventDate "2023.04.11"]
[EventType "schev"]
[EventRounds "9"]
[EventCountry "BUL"]
[SourceTitle "CBM 213 Extra"]
[Source "ChessBase"]
[SourceDate "2023.05.31"]
[SourceVersion "1"]
[SourceVersionDate "2023.05.31"]
[SourceQuality "1"]
[WhiteTeam "Team C"]
[BlackTeam "Team A"]
[WhiteTeamCountry "BUL"]
[BlackTeamCountry "BUL"]

1. d4 f5 2. Nf3 Nf6 3. Bg5 e6 4. Nbd2 Be7 5. Bxf6 Bxf6 6. e4 d5 7. e5 Be7 8. Bd3 c5 9. dxc5 Bxc5 10. Nb3 Bb6 11. Qe2 Nc6 12. c3 0-0 13. 0-0 Bd7 14. Rac1 Qe7 15. a3 Rac8 16. Rfd1 Rfd8 17. h3 Be8 18. g4 g6 19. Kg2 Bf7 20. Rg1 Kh8 21. Qd2 Bg8 22. Rce1 Rf8 23. gxf5 exf5 24. Nbd4 Nxd4 25. cxd4 Be6 26. Qf4 Rg8 27. Kh2 Rg7 28. Rg3 Rcg8 29. Reg1 Bd8 30. h4 Qf7 31. Ng5 Bxg5 32. hxg5 Rc8 33. Qd2 Qc7 34. Bb1 Qb6 35. Rc3 Rgc7 36. Rgc1 a5 37. f4 Kg7 38. Kg3 Kf7 39. Ba2 Rxc3+ 40. Rxc3 Rc6 41. Rxc6 bxc6 42. b4 axb4 43. Qxb4 Qxb4 44. axb4 Ke7 45. Kf3 Kd8 46. Ke3 Kc7 47. Kd3 Kb6 48. Kc3 Bc8 49. Bb1 Ba6 50. Bd3 Bb5 51. Kd2 Kc7 52. Ke3 Kd8 53. Bxb5 cxb5 54. Kf3 Ke8 55. Kg3 Kf7 56. Kh3 Ke8 1/2-1/2

[Event "Dimitrovgrad Spring"]
[Site "Dimitrovgrad"]
[Date "2023.04.12"]
[Round "3"]
[White "Kostov, Deyan Samuil"]
[Black "Mehmed, Elif"]
[Result "0-1"]
[WhiteElo "2223"]
[BlackElo "2180"]
[PlyCount "120"]
[EventDate "2023.04.11"]
[EventType "schev"]
[EventRounds "9"]
[EventCountry "BUL"]
[SourceTitle "CBM 213 Extra"]
[Source "ChessBase"]
[SourceDate "2023.05.31"]
[SourceVersion "1"]
[SourceVersionDate "2023.05.31"]
[SourceQuality "1"]
[WhiteTeam "Team C"]
[BlackTeam "Team B"]
[WhiteTeamCountry "BUL"]
[BlackTeamCountry "BUL"]

1. d4 Nf6 2. c4 g6 3. Nc3 Bg7 4. e4 d6 5. Nf3 0-0 6. h3 e5 7. d5 Nh5 8. g3 f5 9. exf5 gxf5 10. Nh4 Nf4 11. Qf3 Ng6 12. Nxg6 hxg6 13. h4 Nd7 14. h5 e4 15. Qe3 Ne5 16. Be2 Bd7 17. Bd2 gxh5 18. Rxh5 Be8 19. Rh2 Qf6 20. 0-0-0 a6 21. Qg5 Qxg5 22. Bxg5 b5 23. cxb5 axb5 24. a3 Rb8 25. Bh6 b4 26. axb4 Rxb4 27. Na2 Rb6 28. b4 Bb5 29. Bxb5 Rxb5 30. Bxg7 Kxg7 31. Rdh1 Nf7 32. Rd1 Kf6 33. Kc2 Ke5 34. Rh5 Rh8 35. Rxh8 Nxh8 36. Rh1 Nf7 37. Rh5 Kf6 38. g4 fxg4 39. Rh4 Kg5 40. Rh7 Kg6 41. Rh4 Ne5 42. Rh8 Rxd5 43. Rc8 c6 44. Nc3 Rd4 45. b5 cxb5 46. Nxb5 Rc4+ 47. Rxc4 Nxc4 48. Kc3 e3 49. fxe3 g3 50. Nd4 Nxe3 51. Ne2 Nf5 52. Kc4 Kg5 53. Kd5 Kg4 54. Ke4 g2 55. Ng1 Nh4 56. Kd5 Ng6 57. Kxd6 Nf4 58. Ke5 Nh3 59. Ne2 Kf3 60. Nd4+ Kf2 0-1

[Event "Dimitrovgrad Spring"]
[Site "Dimitrovgrad"]
[Date "2023.04.11"]
[Round "1"]
[White "Kostov, Deyan Samuil"]
[Black "Bryakin, Mikhail"]
[Result "1/2-1/2"]
[WhiteElo "2223"]
[BlackElo "2469"]
[PlyCount "72"]
[EventDate "2023.04.11"]
[EventType "schev"]
[EventRounds "9"]
[EventCountry "BUL"]
[SourceTitle "CBM 213 Extra"]
[Source "ChessBase"]
[SourceDate "2023.05.31"]
[SourceVersion "1"]
[SourceVersionDate "2023.05.31"]
[SourceQuality "1"]
[WhiteTeam "Team C"]
[BlackTeam "Team D"]
[WhiteTeamCountry "BUL"]
[BlackTeamCountry "BUL"]

1. d4 Nf6 2. c4 e6 3. Nc3 Bb4 4. e3 Bxc3+ 5. bxc3 d6 6. Bd3 c5 7. Nf3 e5 8. dxe5 dxe5 9. Nxe5 Qd6 10. Nf3 Nc6 11. h3 Be6 12. Qc2 0-0-0 13. Be2 h6 14. Ba3 b6 15. Nd4 Na5 16. Nxe6 Qxe6 17. 0-0 Qe4 18. Rac1 Qxc2 19. Rxc2 Ne4 20. Bc1 Rhe8 21. Rd1 Rxd1+ 22. Bxd1 Nxc4 23. f3 Ned6 24. Kf2 f5 25. g4 g5 26. Be2 fxg4 27. hxg4 Kc7 28. Bxc4 Nxc4 29. f4 Kc6 30. Kf3 Kd5 31. Re2 gxf4 32. exf4 Rxe2 33. Kxe2 Ke4 34. f5 Ne5 35. f6 Nf7 36. Bxh6 Ke5 1/2-1/2

[Event "Basel Easter op"]
[Site "Basel"]
[Date "2023.04.09"]
[Round "7"]
[White "Kostov, Deyan Samuil"]
[Black "Schwabeneder, Florian"]
[Result "0-1"]
[WhiteElo "2223"]
[BlackElo "2418"]
[PlyCount "96"]
[EventDate "2023.04.06"]
[EventType "swiss"]
[EventRounds "9"]
[EventCountry "SUI"]
[SourceTitle "EXT 2024"]
[Source "ChessBase"]
[SourceDate "2023.10.10"]
[SourceVersion "1"]
[SourceVersionDate "2023.10.10"]
[SourceQuality "1"]

1. d4 Nf6 2. c4 g6 3. Nc3 Bg7 4. e4 d6 5. Nf3 Bg4 6. Be2 Bxf3 7. Bxf3 e5 8. d5 h5 9. h4 Nbd7 10. Bg5 Bh6 11. Bxh6 Rxh6 12. g3 Rh8 13. Bg2 Kf8 14. Bh3 Kg7 15. Qe2 a6 16. 0-0 a5 17. Rae1 Nc5 18. f3 Qe7 19. b3 Nfd7 20. Qd2 Nf6 21. Re2 c6 22. Rfe1 cxd5 23. exd5 Nfd7 24. f4 f5 25. fxe5 dxe5 26. Nb5 Kh7 27. Rf1 Rhf8 28. d6 Qf6 29. Qd5 e4 30. Re3 b6 31. a3 Qb2 32. Qd1 Qe5 33. Qa1 Qxa1 34. Rxa1 Ne5 35. a4 Rad8 36. Rd1 Kg7 37. Rd5 Kf6 38. Kf1 Rd7 39. Ke2 Rfd8 40. b4 axb4 41. a5 b3 42. axb6 b2 43. Rd1 Ncd3 44. Rb1 Nxc4 45. Rxd3 exd3+ 46. Kxd3 Nxd6 47. Nxd6 Rxd6+ 48. Kc2 Rxb6 0-1

[Event "Titled Tuesday intern op 14th Mar Late"]
[Site "Chess.com INT"]
[Date "2023.03.14"]
[Round "2"]
[White "Averjanov, Alexey"]
[Black "Kostov, Deyan Samuil"]
[Result "1-0"]
[WhiteElo "2399"]
[BlackElo "2120"]
[PlyCount "75"]
[EventDate "2023.03.14"]
[EventType "swiss (blitz)"]
[EventRounds "11"]
[EventCountry "USA"]
[SourceTitle "EXT 2024"]
[Source "ChessBase"]
[SourceDate "2023.10.10"]
[SourceVersion "1"]
[SourceVersionDate "2023.10.10"]
[SourceQuality "1"]

1. d4 d5 2. c4 dxc4 3. Nf3 Nf6 4. e3 e6 5. Bxc4 a6 6. 0-0 c5 7. Qe2 Nc6 8. Rd1 cxd4 9. Nxd4 Nxd4 10. exd4 Be7 11. Nc3 0-0 12. d5 exd5 13. Nxd5 Nxd5 14. Bxd5 Qc7 15. Qe4 Bf6 16. Bf4 Qb6 17. Be3 Qxb2 18. Rac1 Qe5 19. Qxe5 Bxe5 20. Bc5 Re8 21. Re1 Bf5 22. Bxb7 Rab8 23. Bxa6 Bb2 24. Rxe8+ Rxe8 25. Rd1 h5 26. Be3 Ra8 27. Bc4 Be6 28. Bb3 Bxb3 29. axb3 Ra3 30. Rb1 Be5 31. b4 Ra8 32. b5 Kf8 33. b6 Ke7 34. b7 Rd8 35. Bc5+ Ke6 36. Re1 Kf6 37. f4 Bxf4 38. Be7+ 1-0

[Event "Titled Tuesday intern op 14th Mar Late"]
[Site "Chess.com INT"]
[Date "2023.03.14"]
[Round "7"]
[White "Kostov, Deyan Samuil"]
[Black "Popov, Mikhail"]
[Result "0-1"]
[WhiteElo "2120"]
[BlackElo "2396"]
[PlyCount "74"]
[EventDate "2023.03.14"]
[EventType "swiss (blitz)"]
[EventRounds "11"]
[EventCountry "USA"]
[SourceTitle "EXT 2024"]
[Source "ChessBase"]
[SourceDate "2023.10.10"]
[SourceVersion "1"]
[SourceVersionDate "2023.10.10"]
[SourceQuality "1"]

1. d4 Nf6 2. c4 g6 3. Nc3 Bg7 4. e4 d6 5. Nf3 0-0 6. h3 e5 7. d5 a5 8. g4 Nfd7 9. Rg1 Nc5 10. Be3 c6 11. Be2 cxd5 12. cxd5 Nba6 13. Nd2 Kh8 14. a3 f5 15. gxf5 gxf5 16. Qc2 f4 17. Bxc5 Nxc5 18. 0-0-0 Bd7 19. Nf3 b5 20. Bxb5 Bxb5 21. Nxb5 a4 22. Nc3 Bf6 23. Kb1 Rf7 24. Rg4 Rb7 25. Ka2 Rab8 26. Rb1 Qa5 27. Nd2 Nb3 28. Nc4 Qa6 29. Nd2 Nc5 30. Rgg1 Bd8 31. Qd1 Ba5 32. Qg4 Qd3 33. Qg5 Rxb2+ 34. Rxb2 Rxb2+ 35. Ka1 Rb1+ 36. Ncxb1 Bc3+ 37. Ka2 Qc2# 0-1

[Event "EU-ch 23rd"]
[Site "Vrnjacka Banja"]
[Date "2023.03.04"]
[Round "2"]
[White "Kostov, Deyan Samuil"]
[Black "Pajeken, Jakob Leon"]
[Result "1/2-1/2"]
[WhiteElo "2120"]
[BlackElo "2465"]
[PlyCount "122"]
[EventDate "2023.03.03"]
[EventType "swiss"]
[EventRounds "11"]
[EventCountry "SRB"]
[SourceTitle "CBM 213"]
[Source "ChessBase"]
[SourceDate "2023.04.30"]
[SourceVersion "1"]
[SourceVersionDate "2023.04.30"]
[SourceQuality "1"]

1. d4 Nf6 2. c4 e6 3. Nc3 Bb4 4. e3 0-0 5. Bd3 d5 6. cxd5 exd5 7. Nge2 Bd6 8. 0-0 Re8 9. f3 c5 10. dxc5 Bxc5 11. Kh1 Bxe3 12. Bxe3 Rxe3 13. Be4 Qe8 14. Bxd5 Nc6 15. Ng3 Be6 16. Nge4 Nxd5 17. Nxd5 Bxd5 18. Qxd5 Qd8 19. Qh5 h6 20. Qb5 Qb6 21. Qxb6 axb6 22. Kg1 Rd3 23. Nc3 Rd2 24. Rf2 Rad8 25. Rxd2 Rxd2 26. b3 f5 27. Rd1 Rc2 28. Nd5 Rxa2 29. Nxb6 Rb2 30. Rd3 Na5 31. Nc4 Rb1+ 32. Kf2 Nxb3 33. Nd2 Nxd2 34. Rxd2 Kf7 35. Rd7+ Kf6 36. f4 Rb2+ 37. Kf3 Rb3+ 38. Ke2 Rb6 39. g3 g6 40. Rh7 h5 41. Kf3 Ke6 42. Rg7 Kd5 43. h3 Rb3+ 44. Kf2 h4 45. gxh4 Ke4 46. Rxg6 Kxf4 47. Kg2 Rb2+ 48. Kg1 Kf3 49. h5 Rb4 50. Kh2 Rb2+ 51. Kg1 Rb4 52. h6 Rh4 53. Kh2 b5 54. Rb6 b4 55. h7 Rxh7 56. Rxb4 Re7 57. Rb3+ Kf4 58. Rb4+ Re4 59. Rxe4+ fxe4 60. Kg2 Ke3 61. h4 Kf4 1/2-1/2